Catalog

Record Details

Catalog Search



One fatal flaw  Cover Image Book Book

One fatal flaw / Anne Perry.

Perry, Anne, (author.).

Summary:

"Two fiery deaths have young lawyer Daniel Pitt and his scientist friend Miriam fford Croft racing to solve a forensic crisis in an explosive novel from the New York Times bestselling author of Triple Jeopardy. When a desperate woman comes to Daniel seeking a lawyer for her boyfriend, Rob Adwell, Daniel is convinced of the young man's innocence. Adwell has been accused of murder and setting a fire to conceal the body, but Daniel is sure that science can absolve him--and the brilliant Miriam fford Croft is the best scientist Daniel knows. Working together with Miriam, Daniel reveals Adwell's innocence by showing that an accidental fire caused the victim's death. But it's not long before Adwell is killed in the same fiery fashion. If these deaths are, in fact, murders, what could Miriam have missed? As the evidence begins to contradict itself, Adwell's girlfriend comes into question--and so do the methods Miriam has been using. Soon Miriam's career hangs in the balance, and what started as an accidental fire seems to be part of a larger plot of revenge, with victims accumulating in its wake. Now Miriam and Daniel must uncover who or what is stoking these recurring flames--before they, too, find themselves burned"-- Provided by publisher.

Record details

  • ISBN: 9780593129524
  • ISBN: 0593129520
  • Physical Description: 308 pages ; 25 cm
  • Edition: First U. S. edition.
  • Publisher: New York : Ballantine Books, 2019.

Content descriptions

General Note:
Series numeration from goodreads.com
Subject: Pitt, Daniel (Fictitious character) > Fiction.
Legal stories.
Scientists > Fiction.
Forensic sciences > Fiction.
Murder > Investigation > Fiction.
Genre: Detective and mystery fiction.
Historical fiction.
Legal fiction (Literature)

Available copies

  • 1 of 1 copy available at scottsboropl.

Holds

  • 0 current holds with 1 total copy.
Show Only Available Copies
Location Call Number / Copy Notes Barcode Shelving Location Status Due Date
scottsboropl F Per 32269001151532 Adult - Fiction Available -

LDR 02675nam a22004338i 4500
001154085
003CONS
00520200406095606.0
008191122s2019 nyu 000 1 eng
010 . ‡a 2019050997
020 . ‡a9780593129524 ‡q(hardcover)
020 . ‡a0593129520 ‡q(hardcover)
035 . ‡a(CPomAG)LMN617837
042 . ‡apcc
05000. ‡aPR6066.E693 ‡bO45 2020
08200. ‡a823/.914 ‡223
1001 . ‡aPerry, Anne, ‡eauthor.
24510. ‡aOne fatal flaw / ‡cAnne Perry.
250 . ‡aFirst U. S. edition.
264 1. ‡aNew York : ‡bBallantine Books, ‡c2019.
300 . ‡a308 pages ; ‡c25 cm
336 . ‡atext ‡btxt ‡2rdacontent
337 . ‡aunmediated ‡bn ‡2rdamedia
338 . ‡avolume ‡bnc ‡2rdacarrier
4901 . ‡aA Daniel Pitt novel ; ‡v3
500 . ‡aSeries numeration from goodreads.com
520 . ‡a"Two fiery deaths have young lawyer Daniel Pitt and his scientist friend Miriam fford Croft racing to solve a forensic crisis in an explosive novel from the New York Times bestselling author of Triple Jeopardy. When a desperate woman comes to Daniel seeking a lawyer for her boyfriend, Rob Adwell, Daniel is convinced of the young man's innocence. Adwell has been accused of murder and setting a fire to conceal the body, but Daniel is sure that science can absolve him--and the brilliant Miriam fford Croft is the best scientist Daniel knows. Working together with Miriam, Daniel reveals Adwell's innocence by showing that an accidental fire caused the victim's death. But it's not long before Adwell is killed in the same fiery fashion. If these deaths are, in fact, murders, what could Miriam have missed? As the evidence begins to contradict itself, Adwell's girlfriend comes into question--and so do the methods Miriam has been using. Soon Miriam's career hangs in the balance, and what started as an accidental fire seems to be part of a larger plot of revenge, with victims accumulating in its wake. Now Miriam and Daniel must uncover who or what is stoking these recurring flames--before they, too, find themselves burned"-- ‡cProvided by publisher.
60010. ‡aPitt, Daniel ‡c(Fictitious character) ‡vFiction.
650 0. ‡aLegal stories.
650 0. ‡aScientists ‡vFiction.
650 0. ‡aForensic sciences ‡vFiction.
650 0. ‡aMurder ‡xInvestigation ‡vFiction.
655 7. ‡aDetective and mystery fiction. ‡2lcgft
655 7. ‡aHistorical fiction. ‡2lcgft
655 7. ‡aLegal fiction (Literature) ‡2lcgft
8001 . ‡aPerry, Anne. ‡tDaniel Pitt novel ; ‡v03.
914 . ‡aSCP_LP
959 . ‡i32269001151532 ‡lF Per ‡aAdult - Fiction ‡t7-day ‡g30.00
852 . ‡p32269001151532 ‡jF Per ‡gAdult - Fiction ‡c7-day ‡y30.00 ‡bSBPL
901 . ‡a154085 ‡bUnknown ‡c154085 ‡tbiblio

Additional Resources